[Event "WchT Seniors 50"]
[Site "Struga"]
[Date "2023.09.28"]
[Round "9.3"]
[White "Barandiaran, Gabriel"]
[Black "Atanasov, K Sande"]
[Result "1/2-1/2"]
[WhiteElo "1897"]
[BlackElo "1768"]
[PlyCount "36"]
[EventDate "2023.09.19"]
[EventType "team-swiss"]
[EventRounds "9"]
[EventCountry "MKD"]
[SourceTitle "EXT 2024"]
[Source "ChessBase"]
[SourceDate "2023.10.10"]
[SourceVersion "1"]
[SourceVersionDate "2023.10.10"]
[SourceQuality "1"]
[WhiteTeam "Uruguay 50"]
[BlackTeam "Macedonia Blind 50"]
[WhiteTeamCountry "URU"]
[BlackTeamCountry "MKD"]

1. b4 e6 2. Bb2 d5 3. Nf3 Nf6 4. b5 c5 5. e3 a6 6. a4 Bd7 7. c4 dxc4 8. Bxc4 axb5 9. axb5 Rxa1 10. Bxa1 Bd6 11. 0-0 0-0 12. d4 Qc7 13. Nbd2 Bc8 14. dxc5 Bxc5 15. Ng5 Be7 16. Qb3 h6 17. Ngf3 Rd8 18. Be5 Bd6 1/2-1/2

[Event "WchT Seniors 50"]
[Site "Struga"]
[Date "2023.09.20"]
[Round "2.3"]
[White "Jhunjhnuwala, Naresh"]
[Black "Atanasov, K Sande"]
[Result "1/2-1/2"]
[WhiteElo "2039"]
[BlackElo "1768"]
[PlyCount "84"]
[EventDate "2023.09.19"]
[EventType "team-swiss"]
[EventRounds "9"]
[EventCountry "MKD"]
[SourceTitle "EXT 2024"]
[Source "ChessBase"]
[SourceDate "2023.10.10"]
[SourceVersion "1"]
[SourceVersionDate "2023.10.10"]
[SourceQuality "1"]
[WhiteTeam "United States 5 Brothers 50"]
[BlackTeam "Macedonia Blind 50"]
[WhiteTeamCountry "USA"]
[BlackTeamCountry "MKD"]

1. d4 d5 2. Nf3 Nf6 3. Bf4 Bf5 4. e3 e6 5. c3 Bd6 6. Ne5 c6 7. Bd3 Bxd3 8. Qxd3 Bxe5 9. dxe5 Nfd7 10. Nd2 Qc7 11. Nf3 c5 12. c4 Nb6 13. cxd5 Nxd5 14. 0-0 Nc6 15. Bg3 Nde7 16. Qc3 b6 17. Nd2 Nd5 18. Qc4 0-0 19. Qe4 Nde7 20. f4 Qd7 21. Nc4 Qd5 22. Nd6 Nb4 23. a3 Qxe4 24. Nxe4 Nc2 25. Rac1 Nxe3 26. Rfe1 N3f5 27. Bf2 h5 28. b4 cxb4 29. axb4 Nd5 30. b5 Nxf4 31. Rc3 Rac8 32. Rf3 Nd5 33. Ra3 Rc7 34. Rea1 Rfc8 35. Be1 f6 36. exf6 Nxf6 37. Ng5 Nd5 38. Rxa7 Rxa7 39. Rxa7 Nb4 40. Rb7 Nd4 41. Rxb6 Nd5 42. Rd6 g6 1/2-1/2

[Event "Skopje op"]
[Site "Skopje"]
[Date "2022.10.24"]
[Round "6"]
[White "Atanasov, K Sande"]
[Black "Krstevski, Pavel"]
[Result "1/2-1/2"]
[WhiteElo "1823"]
[BlackElo "1150"]
[PlyCount "62"]
[EventDate "2022.10.21"]
[EventType "swiss"]
[EventRounds "9"]
[EventCountry "MKD"]
[SourceTitle "EXT 2024"]
[Source "ChessBase"]
[SourceDate "2023.10.10"]
[SourceVersion "1"]
[SourceVersionDate "2023.10.10"]
[SourceQuality "1"]

1. e4 c5 2. Nf3 d6 3. Nc3 Nf6 4. d4 cxd4 5. Nxd4 g6 6. Be3 Bg7 7. Qd2 Ng4 8. Bg5 h6 9. Bh4 0-0 10. h3 Nf6 11. f3 Nc6 12. Bf2 Bd7 13. 0-0-0 a6 14. Be3 Kh7 15. g4 Nxd4 16. Bxd4 Ne8 17. Bxg7 Nxg7 18. h4 b5 19. Bd3 Qa5 20. Kb1 Be6 21. h5 g5 22. e5+ Kg8 23. Nd5 Qd8 24. Ne3 dxe5 25. Qe2 Qa5 26. b3 Rad8 27. Ng2 Qc7 28. Rhe1 Bd5 29. Ne3 Be6 30. Nf1 Bd5 31. Ne3 Be6 1/2-1/2

[Event "IBCA World-chT blind 9th"]
[Site "Ohrid"]
[Date "2022.07.03"]
[Round "6.3"]
[White "Atanasov, K Sande"]
[Black "Dyballa, Gerhard"]
[Result "1/2-1/2"]
[WhiteElo "1853"]
[BlackElo "1912"]
[PlyCount "43"]
[EventDate "2022.06.28"]
[EventType "team-swiss"]
[EventRounds "9"]
[EventCountry "MKD"]
[SourceTitle "EXT 2024"]
[Source "ChessBase"]
[SourceDate "2023.10.10"]
[SourceVersion "1"]
[SourceVersionDate "2023.10.10"]
[SourceQuality "1"]
[WhiteTeam "Macedonia"]
[BlackTeam "Germany"]
[WhiteTeamCountry "MKD"]
[BlackTeamCountry "GER"]

1. e4 e6 2. d3 d5 3. Nd2 c5 4. Ngf3 Nc6 5. g3 g6 6. Bg2 Bg7 7. 0-0 Nge7 8. Re1 0-0 9. c3 b6 10. h4 h6 11. e5 Qc7 12. Qe2 a5 13. a4 Ba6 14. Nf1 Rfd8 15. N1h2 Kh7 16. Bf4 Rab8 17. Qd2 Ng8 18. Ng4 Nce7 19. Nf6+ Kh8 20. Bh3 b5 21. axb5 Rxb5 22. Ng4 1/2-1/2

[Event "FRM-chT"]
[Site "Struga"]
[Date "2018.08.14"]
[Round "4.3"]
[White "Atanasov, K Sande"]
[Black "Stanojoski, Zvonko"]
[Result "0-1"]
[WhiteElo "1996"]
[BlackElo "2451"]
[PlyCount "90"]
[EventDate "2018.08.11"]
[EventType "team-tourn"]
[EventRounds "7"]
[EventCountry "MKD"]
[SourceTitle "CBM 186 Extra"]
[Source "ChessBase"]
[SourceDate "2018.08.24"]
[SourceVersion "1"]
[SourceVersionDate "2018.08.24"]
[SourceQuality "1"]
[WhiteTeam "Bitola Noemvri"]
[BlackTeam "Skopje Alkaloid"]
[WhiteTeamCountry "MKD"]
[BlackTeamCountry "MKD"]

1. d4 d5 2. Nf3 e6 3. e3 Nf6 4. b3 c5 5. Bb2 Nc6 6. Be2 cxd4 7. Nxd4 Bb4+ 8. c3 Bc5 9. 0-0 0-0 10. Nd2 Qe7 11. b4 Nxd4 12. exd4 Bd6 13. f4 Bd7 14. Bd3 g6 15. g3 Rfc8 16. Qe2 a5 17. a3 Ne8 18. Rfc1 Nc7 19. b5 a4 20. b6 Ne8 21. c4 dxc4 22. Nxc4 Bc6 23. Ne5 Bd5 24. Bc4 Nf6 25. Bxd5 Nxd5 26. Rxc8+ Rxc8 27. Qb5 Rc2 28. Rc1 Nc3 29. Qd3 Ne2+ 30. Kf1 Rxc1+ 31. Kxe2 Rc8 32. Nc4 Bb8 33. Ne3 f6 34. Qe4 Kf7 35. d5 exd5 36. Qxd5+ Kg7 37. Kf3 Rd8 38. Qc4 Qd6 39. g4 Qxb6 40. Bc3 Qc6+ 41. Qxc6 bxc6 42. g5 Kf7 43. Bxf6 Rd3 44. Ke4 Rxa3 45. h4 Rb3 0-1

[Event "FRM-ch"]
[Site "Ohrid"]
[Date "2017.08.20"]
[Round "8"]
[White "Petkovski, Vlatko"]
[Black "Atanasov, K Sande"]
[Result "0-1"]
[WhiteElo "2140"]
[BlackElo "1965"]
[PlyCount "61"]
[EventDate "2017.08.13"]
[EventType "swiss"]
[EventRounds "9"]
[EventCountry "MKD"]
[SourceTitle "CBM 180 Extra"]
[Source "ChessBase"]
[SourceDate "2017.10.06"]
[SourceVersion "1"]
[SourceVersionDate "2017.10.06"]
[SourceQuality "1"]

1. e4 c5 2. Nf3 Nc6 3. d4 cxd4 4. Nxd4 Nf6 5. Nc3 d6 6. Bc4 e6 7. Be3 Be7 8. Bb3 a6 9. Qe2 Bd7 10. 0-0-0 Qc7 11. f4 b5 12. Bf2 0-0 13. a3 Rab8 14. f5 Nxd4 15. Rxd4 e5 16. Rd2 a5 17. Nd5 Nxd5 18. Bxd5 b4 19. Qf3 bxa3 20. Qxa3 Rb4 21. Qe3 Rfb8 22. c3 a4 23. Kb1 R4b5 24. h4 Rc5 25. Rc2 Rxd5 26. exd5 Bxf5 27. Kc1 Bxc2 28. Kxc2 a3 29. bxa3 Qb7 30. Qe4 Qb2+ 31. Kd3 0-1

[Event "FRM-ch"]
[Site "Ohrid"]
[Date "2017.08.19"]
[Round "7"]
[White "Konstantinov, Aleksandar1111"]
[Black "Atanasov, K Sande"]
[Result "1/2-1/2"]
[WhiteElo "2157"]
[BlackElo "1965"]
[PlyCount "61"]
[EventDate "2017.08.13"]
[EventType "swiss"]
[EventRounds "9"]
[EventCountry "MKD"]
[SourceTitle "CBM 180 Extra"]
[Source "ChessBase"]
[SourceDate "2017.10.06"]
[SourceVersion "1"]
[SourceVersionDate "2017.10.06"]
[SourceQuality "1"]

1. d4 d5 2. c4 e6 3. Nc3 c6 4. Nf3 Nf6 5. cxd5 exd5 6. Bg5 Be7 7. Qc2 0-0 8. e3 Nbd7 9. Bd3 Re8 10. 0-0 Nf8 11. Rab1 Bg4 12. Ne5 Be6 13. b4 N6d7 14. Bxe7 Qxe7 15. Nxd7 Bxd7 16. b5 g6 17. bxc6 bxc6 18. Na4 Qd6 19. Nc5 Rec8 20. Rb7 Rc7 21. Rfb1 Rxb7 22. Rxb7 Bc8 23. Rb3 Ne6 24. Nxe6 Bxe6 25. h3 Rc8 26. Rc3 Qb4 27. Rxc6 Qe1+ 28. Bf1 Rb8 29. Qc1 Rb1 30. Qxe1 Rxe1 31. g4 1/2-1/2

[Event "FRM-ch"]
[Site "Ohrid"]
[Date "2017.08.16"]
[Round "4"]
[White "Trajkovski, Mile"]
[Black "Atanasov, K Sande"]
[Result "1-0"]
[WhiteElo "2221"]
[BlackElo "1965"]
[PlyCount "47"]
[EventDate "2017.08.13"]
[EventType "swiss"]
[EventRounds "9"]
[EventCountry "MKD"]
[SourceTitle "CBM 180 Extra"]
[Source "ChessBase"]
[SourceDate "2017.10.06"]
[SourceVersion "1"]
[SourceVersionDate "2017.10.06"]
[SourceQuality "1"]

1. e4 c5 2. Nf3 d6 3. d4 cxd4 4. Nxd4 Nf6 5. Nc3 Nc6 6. Be2 g6 7. Be3 Bg7 8. f3 Bd7 9. Qd2 Rc8 10. g4 Ne5 11. h4 Nc4 12. Bxc4 Rxc4 13. h5 Be6 14. 0-0-0 Nd7 15. hxg6 hxg6 16. Rxh8+ Bxh8 17. Qh2 Bxd4 18. Bxd4 Nf8 19. Bg7 f6 20. Qh8 Kf7 21. e5 fxe5 22. Ne4 Rxe4 23. fxe4 Bxg4 24. Rf1+ 1-0